00528nam a22001697a 450000500170000001000150001702000260003203500130005803700130007108200120008410000180009624501130011426000340022727000640026130000210032552000120034620170202162519.0 aENG-107540 a9788170948766c395.00 aEN-91073 bDBAD/PUB a332.024 aIrani, Mehrab a(Ten)10 commandments for financial freedom :cby Mehrab Iranibhow to stop worrying about money - forever! / aNew DelhibVision Booksc2013 a24, Feroze Gandhi Road, Lajpat Nagar-IIIbNew Delhie110024 a376p.c23cm(pbk) a13-14EN